Fr. Conceicao Rodrigues College of Engineering

Object oriented programming With C++ (Record no. 22125)

MARC details
000 -LEADER
fixed length control field 00286nam a2200121Ia 4500
100 ## - MAIN ENTRY--PERSONAL NAME
Personal name Balagurusamy/E.
245 ## - TITLE STATEMENT
Title Object oriented programming With C++
260 ## - PUBLICATION, DISTRIBUTION, ETC.
Name of publisher, distributor, etc. Tata McGraw Hill
Place of publication, distribution, etc. New Delhi.
300 ## - PHYSICAL DESCRIPTION
Extent 533
546 ## - LANGUAGE NOTE
Language note ENGLISH
654 ## - SUBJECT ADDED ENTRY--FACETED TOPICAL TERMS
Focus term Programming With C++
942 ## - ADDED ENTRY ELEMENTS (KOHA)
Koha item type BOOK
Holdings
Withdrawn status Lost status Damaged status Not for loan Collection Home library Current library Date acquired Total Checkouts Full call number Barcode Date last seen Price effective from Koha item type
        AFT Fr. Agnel's C.Rodrigues College of Engineering Fr. Agnel's C.Rodrigues College of Engineering 17/03/2023   AFT7906 17/03/2023   BOOK